| 000 | 03412nam a22003374a 4500 | ||
|---|---|---|---|
| 001 | ebr10363967 | ||
| 003 | CaPaEBR | ||
| 006 | m u | ||
| 007 | cr cn||||||||| | ||
| 008 | 071001s2007 ne sb 000 0 eng | ||
| 010 | _z 2007040619 | ||
| 020 | _z9789004164871 (pbk. : alk. paper) | ||
| 020 | _z9004164871 (pbk. : alk. paper) | ||
| 040 |
_aCaPaEBR _cCaPaEBR |
||
| 035 | _a(OCoLC)312992009 | ||
| 050 | 1 | 4 |
_aBC34 _b.M34 2007eb |
| 082 | 0 | 4 |
_a160.9/02 _222 |
| 245 | 0 | 4 |
_aThe many roots of medieval logic _h[electronic resource] : _bthe aristotelian and the non-aristotelian traditions : special offprint of Vivarium 45, 2-3 (2007) / _cedited by John Marenbon. |
| 260 |
_aLeiden ; _aBoston : _bBrill, _c2007. |
||
| 300 | _a262 p. | ||
| 500 | _a"Originally published as Volume 45, No. 2-3 (2007) of Brill's Journal Vivarium."--T.p. verso. | ||
| 504 | _aIncludes bibliographical references (p. [244]-262). | ||
| 505 | 0 | _aRoots, traditions and the multiplicity of medieval logic -- The traditions of ancient logic-cum-grammar in the Middle Ages : what's the problem? / Sten Ebbesen -- Stoic logic and linguistics -- Denying conditionals : Abaelard and the failure of Boethius' account of the hypothetical syllogism / Christopher J. Martin -- Are thoughts and sentences compositional? : a controversy between Abelard and a pupil of Alberic on the reconciliation of ancient theses on mind and language / Martin Lenz -- Res meaning a thing thought : the influence of the Ars Donati / Anne Grondeux -- Platonism in logic and semantics -- The logic of being : Eriugena's dialectical ontology / Christophe Erismann -- Priscian on divine ideas and mental conceptions : the discussions in the Glosulae in Priscianum, the Notae Dunelmenses, William of Champeaux and Abelard / Ir�ene Rosier-Catach -- Symbolism and linguistic semantics : some questions (and confusions) from late antique neoplatonism up to Eriugena / Stefania Bonfiglioli and Costantino Marmo -- Aristotle, Augustine and stoicism -- "Utrum idem sint dicere et intelligere sive videre in mente" : Robert Kilwardby, Quaestiones in librum primum sententiarum / Mary Sirridge -- Mental language and tradition encounters in medieval philosophy : Anselm, Albert and Ockham / Claude Albert -- Intentionality and truth-making : Augustine's influence on Burley and Wyclif's propositional semantics / Laurent Cesalli -- Aristotelian traditions in medieval logic -- Names that can be said of everything : Porphyrian tradition and 'transcendental' terms in twelfth-century logic / Luisa Valente -- Metaphor and the logicians from Aristotle to Cajetan / E. Jennifer Ashworth -- Scepticism, demonstration and the infinite regress argument (Nicholas of Autrecourt and John Buridan) / Christophe Grellard -- Theory of supposition vs. theory of fallacies in Ockham / Catarina Dutilh Novaes -- Richard Billingham's Speculum puerorum, some medieval commentaries and Aristotle / Egbert P. Bos. | |
| 533 |
_aElectronic reproduction. _bPalo Alto, Calif. : _cebrary, _d2013. _nAvailable via World Wide Web. _nAccess may be limited to ebrary affiliated libraries. |
||
| 650 | 0 | _aLogic, Medieval. | |
| 655 | 7 |
_aElectronic books. _2local |
|
| 700 | 1 | _aMarenbon, John. | |
| 710 | 2 | _aebrary, Inc. | |
| 730 | 0 | _aVivarium. | |
| 856 | 4 | 0 |
_uhttp://site.ebrary.com/lib/rucke/Doc?id=10363967 _zAn electronic book accessible through the World Wide Web; click to view |
| 999 |
_c111189 _d111189 |
||